Southville International School and Colleges
Your cart is empty.
  • Cart
  • Lists
    Public lists Eva Luna New books Lux_list list_1
    Your lists Log in to create your own lists
  • Log in to your account
  • Your cookies
  • Search history
Southville International School and Colleges
  • Advanced search
  • Recent comments
  • Most popular
  • Libraries

Log in to your account

Log in with GOOGLE


If you do not have an external account, but do have a local account, you can still log in:

  1. Home
  2. MARC view: The Pushbutton guide to word 6 for windows /
Normal view MARC view ISBD view

The Pushbutton guide to word 6 for windows / (Record no. 19724)

[ view plain ]
MARC details
000 -LEADER
fixed length control field 00616nam a2200217 a 4500
005 - DATE AND TIME OF LATEST TRANSACTION
control field 20140310183154.0
008 - FIXED-LENGTH DATA ELEMENTS--GENERAL INFORMATION
fixed length control field 000518s19uu xx 00 eng d
020 ## - INTERNATIONAL STANDARD BOOK NUMBER
International Standard Book Number 9812140980
050 ## - LIBRARY OF CONGRESS CALL NUMBER
Classification number Z 52.5.M523
Item number .N456 1994
100 ## - MAIN ENTRY--PERSONAL NAME
Personal name Neibauer, Alan R.
245 ## - TITLE STATEMENT
Title The Pushbutton guide to word 6 for windows /
Statement of responsibility, etc Alan NeiBauer.
250 ## - EDITION STATEMENT
Edition statement Authorised Ed.
260 ## - PUBLICATION, DISTRIBUTION, ETC. (IMPRINT)
Place of publication, distribution, etc Singapore :
Name of publisher, distributor, etc Tech Publications,
Date of publication, distribution, etc 1994.
300 ## - PHYSICAL DESCRIPTION
Extent xxi, 246 p. :
Other physical details ill. ;
Dimensions 21 cm.
520 ## - SUMMARY, ETC.
Summary, etc includes index.
521 ## - TARGET AUDIENCE NOTE
Target audience note
650 ## - SUBJECT ADDED ENTRY--TOPICAL TERM
Topical term or geographic name as entry element Word for windows
650 ## - SUBJECT ADDED ENTRY--TOPICAL TERM
Topical term or geographic name as entry element Computer programs
942 ## - ADDED ENTRY ELEMENTS (KOHA)
Koha item type Books
Source of classification or shelving scheme Library of Congress Classification
Call number prefix Foreign
Holdings
Withdrawn status Lost status Source of classification or shelving scheme Damaged status Home library Current library Shelving location Date acquired Total Checkouts Full call number Barcode Date last seen Copy number Price effective from Koha item type
    Library of Congress Classification   College Library College Library General Circulation Section 04/25/2003   Z 52.5.M523 .N456 1994 C1083 05/15/2018 1 10/10/2013 Books

The Pushbutton guide to word 6 for windows /

APA

Neibauer A. R., . (1994). The Pushbutton guide to word 6 for windows. Singapore: Tech Publications.

Chicago

Neibauer Alan R, . 1994. The Pushbutton guide to word 6 for windows. Singapore: Tech Publications.

Harvard

Neibauer A. R., . (1994). The Pushbutton guide to word 6 for windows. Singapore: Tech Publications.

MLA

Neibauer Alan R, . The Pushbutton guide to word 6 for windows. Singapore: Tech Publications. 1994.

  • Place hold
  • Print
  • Cite
  • Add to your cart (remove)
  • Save record
    BIBTEX Dublin Core MARCXML MARC (non-Unicode/MARC-8) MARC (Unicode/UTF-8) MARC (Unicode/UTF-8, Standard) MODS (XML) RIS
  • More searches
    Search for this title in:
    Other Libraries (WorldCat) Other Databases (Google Scholar) Online Stores (Bookfinder.com) Open Library (openlibrary.org)

Exporting to Dublin Core...

SOUTHVILLE LIBRARY

Southville International School and Colleges Library

1281 Tropical Ave. Cor. Luxembourg St., BF Homes International, Las Pinas City

Tel. No. 8256374 / 252358 Loc. 117/146

Powered by Koha